<?xml version="1.0" encoding="UTF-8"?><?xml-stylesheet type="text/xsl" href="static/style.xsl"?><OAI-PMH xmlns="http://www.openarchives.org/OAI/2.0/" xmlns:xsi="http://www.w3.org/2001/XMLSchema-instance" xsi:schemaLocation="http://www.openarchives.org/OAI/2.0/ http://www.openarchives.org/OAI/2.0/OAI-PMH.xsd"><responseDate>2026-06-03T00:52:16Z</responseDate><request verb="GetRecord" identifier="oai:riuma.uma.es:10630/13494" metadataPrefix="marc">https://riuma.uma.es/rest/oai/request</request><GetRecord><record><header><identifier>oai:riuma.uma.es:10630/13494</identifier><datestamp>2026-02-03T11:48:02Z</datestamp><setSpec>com_10630_2254</setSpec><setSpec>col_10630_37959</setSpec></header><metadata><record xmlns="http://www.loc.gov/MARC21/slim" xmlns:dcterms="http://purl.org/dc/terms/" xmlns:doc="http://www.lyncode.com/xoai" xmlns:xsi="http://www.w3.org/2001/XMLSchema-instance" xsi:schemaLocation="http://www.loc.gov/MARC21/slim http://www.loc.gov/standards/marcxml/schema/MARC21slim.xsd">
   <leader>00925njm 22002777a 4500</leader>
   <datafield ind2=" " ind1=" " tag="042">
      <subfield code="a">dc</subfield>
   </datafield>
   <datafield ind2=" " ind1=" " tag="720">
      <subfield code="a">Romero-Barranco, Jesús</subfield>
      <subfield code="e">author</subfield>
   </datafield>
   <datafield ind2=" " ind1=" " tag="260">
      <subfield code="c">2017-04-26</subfield>
   </datafield>
   <datafield ind2=" " ind1=" " tag="520">
      <subfield code="a">Early Modern English is characterised by an extraordinary lexical growth motivated by two main linguistic processes, borrowing and word-formation (Nevalainen 1999: 332). Within affixation, prefixation grew more than suffixation in early Modern English, probably because prefixes have fewer word-class restrictions and do not change the word-class of the base (Nevalainen 1999: 335). Thus, native and non-native forms competed to achieve a position in the lexicon. This not only increased the English vocabulary, but also modified the traditional derivational system of the language by the introduction of foreign affixes. As far as we have investigated, the topic has been discussed in Present-Day English and in the history of English. However, the literature is still in need of quantitative and qualitative research in the field of early English medical writing. Therefore, the present paper pursues the following objectives: 1) to analyse the use of the native prefix un- and the non-native dis-, in- and non- in early English medical writing; 2) to assess the distribution of these prefixes across genres; 3) to calculate the morphological productivity of the negative prefixes under study; and 4) to evaluate the contribution of qualitative factors, i.e. the origin of the bases, the different word-classes, and the competion among the different negative prefixes. The data come from the Corpus of Early English Medical Writing.</subfield>
   </datafield>
   <datafield ind1="8" ind2=" " tag="024">
      <subfield code="a">http://hdl.handle.net/10630/13494</subfield>
   </datafield>
   <datafield tag="653" ind2=" " ind1=" ">
      <subfield code="a">Inglés moderno</subfield>
   </datafield>
   <datafield tag="653" ind2=" " ind1=" ">
      <subfield code="a">Escritos médicos - Redacción</subfield>
   </datafield>
   <datafield ind2="0" ind1="0" tag="245">
      <subfield code="a">The vernacularization of non-native items in early english medical writing</subfield>
   </datafield>
</record>
</metadata></record></GetRecord></OAI-PMH>